00446cam a22001097a 4500008004000000082003000040100002500070245012000095260004900215300001100264440006100275180718bn.d. xxu||||| |||| 00| 0 eng d aA81x54 In2/71/21/PT10C/MA aCensus of India 1971 aUttar Pradesh district census handbook, Mainpuri: analytical report and administrative statistics and census tables aLucknowbDirector of Census Operationscn.d. a309+p. aCensus of India 1971. Series-21, Uttar Pradesh. Part X-C